Informačné zdroje na podporu vedy a výskumu na Ekonomickej univerzite

Poslanie a úlohy Slovenskej ekonomickej knižnice ako vysokoškolskej knižnice. Kritéria členenia informačných zdrojov. Vymedzenie interných a externých zdrojov SEK. Zdroje pre podporu vzdelávania, vedy a výskumu. Zdroje pre podporu vedeckého publikovania. Informačné centrum ako zdroj odborných inform...

ver descrição completa

Na minha lista:
Detalhes bibliográficos
Autor principal: Hudecová, Simona
Outros Autores: Pleceniková, Iveta
Formato: Capítulo de Livro
Idioma:eslovaco
Assuntos:
Tags: Adicionar Tag
Sem tags, seja o primeiro a adicionar uma tag!

MARC

LEADER 00000naa$a2200000$$$4500
001 0051460
005 20240502071613.4
041 0 |a slo 
044 |a SK 
245 1 0 |a Informačné zdroje na podporu vedy a výskumu na Ekonomickej univerzite  |c Simona Hudecová, Iveta Pleceniková 
520 |a Poslanie a úlohy Slovenskej ekonomickej knižnice ako vysokoškolskej knižnice. Kritéria členenia informačných zdrojov. Vymedzenie interných a externých zdrojov SEK. Zdroje pre podporu vzdelávania, vedy a výskumu. Zdroje pre podporu vedeckého publikovania. Informačné centrum ako zdroj odborných informácií. 
610 2 0 |a knižnice 
610 2 0 |a zdroje informácií 
610 2 0 |a zdroje informačné elektronické 
610 2 0 |a veda 
610 2 0 |a výskum 
100 1 |a Hudecová, Simona 
700 1 |a Pleceniková, Iveta